McGraw-Hill encyclopedia of science and technology : (Record no. 136992)

MARC details
000 -LEADER
fixed length control field 00618nam a22001937a 4500
010 ## - LIBRARY OF CONGRESS CONTROL NUMBER
LC control number 169104
035 ## - SYSTEM CONTROL NUMBER
System control number 169104
037 ## - SOURCE OF ACQUISITION
Source of stock number/acquisition Cen Lib / Ret
040 ## - CATALOGING SOURCE
Original cataloging agency DPL
Language of cataloging EN
082 ## - DEWEY DECIMAL CLASSIFICATION NUMBER
Classification number 603
Item number ENC
245 ## - TITLE STATEMENT
Title McGraw-Hill encyclopedia of science and technology :
Remainder of title an international reference work in fifteen volumes including an index /
260 ## - PUBLICATION, DISTRIBUTION, ETC. (IMPRINT)
Place of publication, distribution, etc New York
Name of publisher, distributor, etc McGraw-Hill
Date of publication, distribution, etc 1960
270 ## - ADDRESS
Address McGraw-Hill
City New York
300 ## - PHYSICAL DESCRIPTION
Extent (v 3. 661p)
Dimensions 27cm(Hb)
505 ## - FORMATTED CONTENTS NOTE
Formatted contents note v 3. CHA-CYT
650 ## - SUBJECT ADDED ENTRY--TOPICAL TERM
Topical term or geographic name as entry element Science -- Encyclopedias.
650 ## - SUBJECT ADDED ENTRY--TOPICAL TERM
Topical term or geographic name as entry element Technology -- Encyclopedias.
942 ## - ADDED ENTRY ELEMENTS (KOHA)
Source of classification or shelving scheme Dewey Decimal Classification
Koha item type English Books
Classification part 603
Call number suffix ENC
Holdings
Withdrawn status Lost status Source of classification or shelving scheme Materials specified (bound volume or other part) Damaged status Not for loan Home library Current library Date acquired Source of acquisition Total Checkouts Full call number Barcode Date last seen Copy number Price effective from Koha item type
    Dewey Decimal Classification v 3     Central Library Central Library 14/03/2016 Cen Lib/Ret   603 ENC 169104 14/03/2016 1 14/03/2016 English Books

© Delhi Public Library
Hit Counter
free hit counter